| 000 | 00357nam a2200145Ia 4500 | ||
|---|---|---|---|
| 008 | 230917s9999||||xx |||||||||||||| ||und|| | ||
| 040 |
_e99376 _aMAIN |
||
| 041 | _aEnglish | ||
| 082 | _a327.51 C452C | ||
| 100 | _aChoedon, Yeshi | ||
| 245 | 0 | _aChina and the United Nation | |
| 260 |
_aNew Delhi _bSouth Asian _c1990 |
||
| 300 | _aviii, 186 p. | ||
| 942 | _cBK | ||
| 999 |
_c69429 _d69429 |
||